| 000 | 00606nam a22001577a 4500 | ||
|---|---|---|---|
| 999 |
_c60868 _d60868 |
||
| 005 | 20231113120420.0 | ||
| 008 | 231113s1986 ru ||||| |||| 00| 0 rus d | ||
| 041 | _arus | ||
| 080 | _a902(47+57)(091) П-68 | ||
| 100 |
_a Пряхин, А. Д. _920349 |
||
| 245 |
_aИстория советской археологии : _b(1917-середина 30-х гг. ) / _cПряхин, А. Д. |
||
| 264 |
_aВоронеж : _bИздательство Воронежского университета, _c1986. |
||
| 300 |
_a 284 стр.; _b21 см. |
||
| 653 | _aარქეოლოგია | ||
| 942 |
_2udc _cBK |
||